| 000 | 00371cam a22001217a 4500 | ||
|---|---|---|---|
| 008 | 180718b1930 xxu||||| |||| 00| 0 eng d | ||
| 082 | _aAB2 G352 | ||
| 100 | _aGibbon, Edward | ||
| 245 |
_aGibbon of Christianity _cby Edward Gibbon |
||
| 260 |
_aLondon _bWatts _c1930 |
||
| 500 | _a15th & 16th chapters of his "Decline and fall of the Roman Empire." | ||
| 650 | _aChristianity | ||
| 999 |
_c366452 _d366452 |
||